[Event "YFO-ch (Women)"]
[Site "Nebug"]
[Date "2016.03.12"]
[Round "8"]
[White "Maltsevskaya, Aleksandra"]
[Black "Bronnikova, Elizaveta"]
[Result "1/2-1/2"]
[WhiteElo "2180"]
[BlackElo "2272"]
[PlyCount "129"]
[EventDate "2016.03.05"]
[EventType "swiss"]
[EventRounds "9"]
[EventCountry "RUS"]
[SourceTitle "CBM 171 Extra"]
[Source "ChessBase"]
[SourceDate "2016.04.26"]
[SourceVersion "1"]
[SourceVersionDate "2016.04.26"]
[SourceQuality "1"]

1. Nf3 g6 2. d4 Bg7 3. c4 Nf6 4. Nc3 d6 5. h3 c6 6. e4 0-0 7. Be2 a6 8. a4 a5 9. 0-0 Na6 10. Be3 Nb4 11. Nd2 Nd7 12. Na2 e5 13. Nxb4 axb4 14. Nb3 Qe7 15. Re1 exd4 16. Bxd4 Bh6 17. Bg4 c5 18. Be3 Bg7 19. Qc2 Qf6 20. Re2 Ne5 21. Bxc8 Rfxc8 22. Rd2 Qe6 23. Rc1 Re8 24. Rd5 Nc6 25. Rcd1 Qxe4 26. Qxe4 Rxe4 27. Rxd6 Rxc4 28. Nxc5 Bxb2 29. Nxb7 Be5 30. R6d5 b3 31. Rb5 b2 32. Nc5 Nb4 33. Bh6 Bg7 34. Bd2 Rd8 35. Nd7 Nc6 36. Bg5 Rxd7 37. Rxd7 Rc1+ 38. Kh2 b1Q 39. Rxb1 Rxb1 40. g3 h6 41. Be3 Ra1 42. Rc7 Ne5 43. Ra7 Nc4 44. Bc5 Ra2 45. Kg2 Bc3 46. Ra8+ Kh7 47. Kf3 Rb2 48. Ke4 Na5 49. Ra7 Rb7 50. Rxb7 Nxb7 51. Be3 h5 52. Kd5 Kg8 53. Kc6 Na5+ 54. Kb5 f5 55. Bb6 Nb3 56. a5 Nxa5 57. Bxa5 Bxa5 58. Kxa5 Kf7 59. Kb5 Ke6 60. Kc4 Ke5 61. Kd3 f4 62. gxf4+ Kxf4 63. Ke2 h4 64. Kf1 Kf3 65. Kg1 1/2-1/2

[Event "YFO-ch (Women)"]
[Site "Nebug"]
[Date "2016.03.08"]
[Round "4"]
[White "Travkina, Anastasia"]
[Black "Bronnikova, Elizaveta"]
[Result "1/2-1/2"]
[WhiteElo "2249"]
[BlackElo "2272"]
[PlyCount "81"]
[EventDate "2016.03.05"]
[EventType "swiss"]
[EventRounds "9"]
[EventCountry "RUS"]
[SourceTitle "CBM 171 Extra"]
[Source "ChessBase"]
[SourceDate "2016.04.26"]
[SourceVersion "1"]
[SourceVersionDate "2016.04.26"]
[SourceQuality "1"]

1. d4 Nf6 2. c4 g6 3. Nc3 Bg7 4. e4 d6 5. Nf3 0-0 6. Be2 e5 7. dxe5 dxe5 8. Qxd8 Rxd8 9. Bg5 Re8 10. Nd5 Nxd5 11. cxd5 c6 12. Bc4 cxd5 13. Bxd5 h6 14. Be3 Nd7 15. Rc1 Nf6 16. 0-0 Nxd5 17. exd5 e4 18. Nd4 b6 19. Rfd1 Ba6 20. b4 Bd3 21. Nc6 Bb2 22. d6 Bxc1 23. Rxc1 Bb5 24. d7 Bxc6 25. dxe8Q+ Bxe8 26. Bxh6 Bb5 27. Rc7 a5 28. a3 axb4 29. axb4 Ra1+ 30. Rc1 Rxc1+ 31. Bxc1 Bc4 32. h4 f5 33. Kh2 Kf7 34. Kg3 Bf1 35. Be3 b5 36. Bd4 Ke6 37. Bg7 Kf7 38. Bd4 Ke6 39. Bh8 Kf7 40. Bb2 Ke6 41. Bd4 1/2-1/2

[Event "RUS-chT (Women)"]
[Site "Sochi"]
[Date "2015.05.07"]
[Round "7.3"]
[White "Girya, Olga"]
[Black "Bronnikova, Elizaveta"]
[Result "1-0"]
[WhiteElo "2459"]
[BlackElo "2245"]
[PlyCount "67"]
[EventDate "2015.05.01"]
[EventType "team-swiss"]
[EventRounds "7"]
[EventCountry "RUS"]
[SourceTitle "CBM 166 Extra"]
[Source "ChessBase"]
[SourceDate "2015.06.18"]
[SourceVersion "1"]
[SourceVersionDate "2015.06.18"]
[SourceQuality "1"]
[WhiteTeam "Moscow Our Heritage (W)"]
[BlackTeam "Belorechensk Univ (W)"]
[WhiteTeamCountry "RUS"]
[BlackTeamCountry "RUS"]

1. d4 Nf6 2. c4 c5 3. d5 b5 4. cxb5 a6 5. bxa6 g6 6. Nc3 Bg7 7. e4 d6 8. Bb5+ Bd7 9. Bxd7+ Nbxd7 10. Nf3 0-0 11. 0-0 Qb6 12. Rb1 Rxa6 13. b3 Qb4 14. Qd3 Rfa8 15. Bd2 Qb7 16. a4 Rb6 17. Nb5 Ne8 18. Rfc1 Qa6 19. Bc3 Rb7 20. Bxg7 Kxg7 21. Qc3+ f6 22. h4 Qa5 23. Qe3 Nc7 24. Nxc7 Rxc7 25. h5 Rb7 26. hxg6 hxg6 27. g3 Rab8 28. Kg2 Nf8 29. Rh1 Kf7 30. Rh8 c4 31. Qh6 Rxb3 32. Nh4 e6 33. Nxg6 f5 34. dxe6+ 1-0

[Event "Krasnodar Region-ch (Women)"]
[Site "Krasnodar"]
[Date "2014.10.11"]
[Round "9"]
[White "Yakimenko, Anastasia"]
[Black "Bronnikova, Elizaveta"]
[Result "1/2-1/2"]
[WhiteElo "2058"]
[BlackElo "2265"]
[PlyCount "122"]
[EventDate "2014.10.03"]
[EventType "swiss"]
[EventRounds "9"]
[EventCountry "RUS"]
[SourceTitle "EXT 2015"]
[Source "ChessBase"]
[SourceDate "2014.11.20"]
[SourceVersion "1"]
[SourceVersionDate "2014.11.20"]
[SourceQuality "1"]

1. e4 d6 2. d4 g6 3. h3 Bg7 4. Nf3 c5 5. Be3 Nf6 6. Nc3 cxd4 7. Nxd4 0-0 8. Bc4 Nc6 9. a4 Nxe4 10. Bxf7+ Rxf7 11. Nxe4 Nxd4 12. Bxd4 e5 13. Be3 d5 14. c3 Bf5 15. Ng5 Re7 16. Nf3 Rd7 17. Qb3 h6 18. 0-0 Kh7 19. Rfd1 Be6 20. a5 Qf6 21. Qa4 a6 22. Qh4 Qxh4 23. Nxh4 d4 24. cxd4 exd4 25. Bd2 d3 26. Bc3 Bxc3 27. bxc3 Rc8 28. Ra3 Bc4 29. Nf3 Re8 30. Nd2 Bb5 31. c4 Bc6 32. Nf1 Re4 33. Ne3 d2 34. Ra2 Red4 35. f3 g5 36. Kf2 h5 37. Ke2 Re7 38. Rdxd2 Rxc4 39. Kf2 Rc5 40. Rdc2 Rb5 41. Rcb2 Ree5 42. Rxb5 axb5 43. a6 bxa6 44. Rxa6 Rc5 45. Nf5 b4 46. Ra7+ Kh8 47. Nd4 Bd5 48. Ra4 Rc4 49. Ke3 Kg7 50. Nf5+ Kf6 51. Nd6 Rc6 52. Ne4+ Bxe4 53. fxe4 Rb6 54. Kd2 b3 55. Kc1 b2+ 56. Kb1 Rb5 57. Ra3 Ke5 58. Re3 h4 59. g3 hxg3 60. Rxg3 Kxe4 61. h4 gxh4 1/2-1/2

[Event "Krasnodar Region-ch (Women)"]
[Site "Krasnodar"]
[Date "2014.10.08"]
[Round "6"]
[White "Bronnikova, Elizaveta"]
[Black "Baraeva, Irina"]
[Result "1/2-1/2"]
[WhiteElo "2265"]
[BlackElo "2197"]
[PlyCount "131"]
[EventDate "2014.10.03"]
[EventType "swiss"]
[EventRounds "9"]
[EventCountry "RUS"]
[SourceTitle "EXT 2015"]
[Source "ChessBase"]
[SourceDate "2014.11.20"]
[SourceVersion "1"]
[SourceVersionDate "2014.11.20"]
[SourceQuality "1"]

1. g3 d5 2. Bg2 Nf6 3. d3 c6 4. Nd2 Bg4 5. h3 Bh5 6. f4 e6 7. g4 Bg6 8. e4 dxe4 9. dxe4 h5 10. Qe2 hxg4 11. hxg4 Rxh1 12. Bxh1 Bc5 13. Nh3 Nh5 14. g5 Ng3 15. Qf3 Nxh1 16. Nb3 Qb6 17. f5 exf5 18. exf5 Qb4+ 19. Kd1 Bh7 20. Bd2 Qc4 21. Nxc5 Qxc5 22. Qe4+ Qe7 23. Qxh1 Bxf5 24. Nf4 Nd7 25. Qh8+ Qf8 26. Qxf8+ Kxf8 27. a4 Ne5 28. Ra3 Rd8 29. Kc1 Rxd2 30. Kxd2 Nc4+ 31. Kc3 Nxa3 32. bxa3 Ke7 33. a5 a6 34. Kd4 Kd6 35. c4 c5+ 36. Ke3 Be6 37. Kd3 g6 38. Kc3 Bf5 39. Nd5 Ke5 40. Nf6 Bh3 41. Kd3 Kf4 42. Nh7 Bf5+ 43. Kc3 Be6 44. Kd3 Kf5 45. Kc3 Bd7 46. Kd3 Bc6 47. Ke3 Bh1 48. Kd3 Bg2 49. Ke3 Bc6 50. Kd3 f6 51. gxf6 Be8 52. Ke3 g5 53. Kf3 Kg6 54. Nf8+ Kxf6 55. Kg4 Bc6 56. Nh7+ Ke5 57. Nxg5 Kd4 58. Kf4 Kxc4 59. Ke3 Kb3 60. Ne6 c4 61. Kd4 c3 62. Nc5+ Kb2 63. Nd3+ Kxa3 64. Kxc3 Ka4 65. Nc5+ Kxa5 66. Nxb7+ 1/2-1/2

[Event "Krasnodar Region-ch (Women)"]
[Site "Krasnodar"]
[Date "2014.10.07"]
[Round "5"]
[White "Yakimenko, Viktoria"]
[Black "Bronnikova, Elizaveta"]
[Result "0-1"]
[WhiteElo "2012"]
[BlackElo "2265"]
[PlyCount "76"]
[EventDate "2014.10.03"]
[EventType "swiss"]
[EventRounds "9"]
[EventCountry "RUS"]
[SourceTitle "EXT 2015"]
[Source "ChessBase"]
[SourceDate "2014.11.20"]
[SourceVersion "1"]
[SourceVersionDate "2014.11.20"]
[SourceQuality "1"]

1. e4 d6 2. d4 g6 3. g3 Bg7 4. Bg2 Nc6 5. Be3 e5 6. d5 Nce7 7. Ne2 f5 8. exf5 gxf5 9. Nbc3 Nf6 10. f4 Ng4 11. Bg1 0-0 12. h3 Nf6 13. Qd2 Bd7 14. 0-0-0 Nc8 15. Kb1 b5 16. fxe5 dxe5 17. d6 Nxd6 18. Bxa8 Qxa8 19. Bc5 Bc6 20. Bxd6 cxd6 21. Rhf1 b4 22. Rxf5 bxc3 23. Nxc3 d5 24. Rdf1 d4 25. Nd1 Ne4 26. Rxf8+ Bxf8 27. Qa5 Bg7 28. g4 Qb8 29. h4 Qb6 30. Qe1 Bd5 31. Rg1 Nc3+ 32. Ka1 Nxa2 33. Rg3 Nb4 34. Qd2 e4 35. Ra3 e3 36. Qe2 Qc5 37. c3 d3 38. Qh2 Nc2+ 0-1

[Event "Izhevsk Corporation Cup 6th"]
[Site "Izhevsk"]
[Date "2014.07.15"]
[Round "4"]
[White "Goganov, Aleksey"]
[Black "Bronnikova, Elizaveta"]
[Result "1-0"]
[WhiteElo "2590"]
[BlackElo "2257"]
[PlyCount "69"]
[EventDate "2014.07.12"]
[EventType "swiss"]
[EventRounds "9"]
[EventCountry "RUS"]
[SourceTitle "CBM 161 Extra"]
[Source "ChessBase"]
[SourceDate "2014.08.29"]
[SourceVersion "1"]
[SourceVersionDate "2014.08.29"]
[SourceQuality "1"]

1. c4 c5 2. Nf3 Nc6 3. Nc3 g6 4. g3 Bg7 5. Bg2 e6 6. d3 Nge7 7. Bg5 0-0 8. Qc1 d5 9. 0-0 d4 10. Na4 f6 11. Bd2 b6 12. a3 a5 13. b4 axb4 14. axb4 cxb4 15. Qb2 f5 16. Bxb4 Rb8 17. Ba3 e5 18. Nd2 e4 19. Qa2 e3 20. fxe3 dxe3 21. Nf3 Nd4 22. Nxd4 Bxd4 23. c5+ Kg7 24. c6 Qc7 25. Rac1 Bf6 26. Nc3 Ra8 27. Qb3 Ra5 28. Bb4 Ra6 29. Nb5 Qd8 30. d4 f4 31. Rxf4 Bg5 32. Rxf8 Qxf8 33. Rf1 Bf5 34. g4 Bh4 35. Qxe3 1-0

[Event "EU-ch (Women) 14th"]
[Site "Belgrade"]
[Date "2013.08.02"]
[Round "10"]
[White "Bronnikova, Elizaveta"]
[Black "Zarkovic, Mila"]
[Result "0-1"]
[WhiteElo "2245"]
[BlackElo "2070"]
[PlyCount "126"]
[EventDate "2013.07.23"]
[EventType "swiss"]
[EventRounds "11"]
[EventCountry "SRB"]
[SourceTitle "CBM 155 Extra"]
[Source "ChessBase"]
[SourceDate "2013.08.26"]
[SourceVersion "1"]
[SourceVersionDate "2013.08.26"]
[SourceQuality "1"]

1. e4 c5 2. Nf3 e6 3. d4 cxd4 4. Nxd4 a6 5. Bd3 Nf6 6. 0-0 d6 7. Qe2 Qc7 8. b3 Be7 9. Bb2 0-0 10. Nd2 Nbd7 11. f4 Nc5 12. Kh1 b5 13. N4f3 Nfd7 14. Rac1 Bb7 15. c4 Nxd3 16. Qxd3 b4 17. Qd4 Bf6 18. e5 dxe5 19. fxe5 Be7 20. Ne4 Bxe4 21. Qxe4 Nc5 22. Qe3 Rad8 23. Nd4 h6 24. Rce1 Qb7 25. Qg3 Rd7 26. Rf3 Rfd8 27. Qg4 Bf8 28. h4 Kh7 29. h5 Kg8 30. Ba1 Be7 31. Rf6 Rxd4 32. Bxd4 Rxd4 33. Qxd4 gxf6 34. exf6 Bf8 35. Re5 Nd7 36. Re3 Qc7 37. Rd3 Ne5 38. Rg3+ Kh8 39. Qf4 Qd6 40. Kh2 Nd7 41. Qf3 Qe5 42. Qe3 Qxf6 43. Rg4 Qf5 44. Qd4+ e5 45. Qe4 Qxe4 46. Rxe4 f5 47. Re1 Kg7 48. Rd1 Nc5 49. Rd8 e4 50. g3 Kf7 51. Kg2 Be7 52. Rb8 Ne6 53. Rb6 a5 54. Rb5 Nd4 55. Rd5 Bf6 56. Rxa5 e3 57. c5 e2 58. Kf2 f4 59. Ra7+ Ke6 60. Ra6+ Ke7 61. Ra7+ Kd8 62. Ra8+ Kc7 63. Re8 f3 0-1

[Event "EU-ch (Women) 14th"]
[Site "Belgrade"]
[Date "2013.07.25"]
[Round "3"]
[White "Velickovski Nejkovic, Maja"]
[Black "Bronnikova, Elizaveta"]
[Result "0-1"]
[WhiteElo "2083"]
[BlackElo "2245"]
[PlyCount "130"]
[EventDate "2013.07.23"]
[EventType "swiss"]
[EventRounds "11"]
[EventCountry "SRB"]
[SourceTitle "CBM 155 Extra"]
[Source "ChessBase"]
[SourceDate "2013.08.26"]
[SourceVersion "1"]
[SourceVersionDate "2013.08.26"]
[SourceQuality "1"]

1. c4 e5 2. Nc3 Nc6 3. Nf3 g6 4. d3 Bg7 5. Rb1 d6 6. g3 f5 7. Bg2 Nf6 8. 0-0 0-0 9. b4 h6 10. b5 Ne7 11. c5 Be6 12. Ba3 Ne8 13. Qc2 d5 14. c6 b6 15. Qb3 Bf7 16. Bxe7 Qxe7 17. Nxd5 Qd8 18. e4 Bxd5 19. exd5 Nd6 20. Rfe1 Re8 21. Re2 a6 22. bxa6 Rxa6 23. Rbe1 Nf7 24. Nd2 Qd6 25. Nc4 Qc5 26. Kh1 b5 27. Nxe5 Rxe5 28. Rxe5 Bxe5 29. d6 cxd6 30. Qe6 Kg7 31. Bd5 Ra7 32. Kg2 Bf6 33. Bf3 Re7 34. Qxe7 Bxe7 35. Rxe7 Kf6 36. d4 Qxd4 37. c7 Qc5 38. Bb7 Kxe7 39. c8Q Qxc8 40. Bxc8 d5 41. Bb7 Kd6 42. Kf3 Ng5+ 43. Ke3 Kc5 44. h4 Ne4 45. Bc8 Nc3 46. h5 gxh5 47. Bxf5 Nxa2 48. Bb1 Nc3 49. Bc2 b4 50. f3 Nb5 51. Bd3 Nd6 52. Bg6 Kc4 53. Kd2 b3 54. Bxh5 Kd4 55. Bg6 Nc4+ 56. Ke2 b2 57. g4 Na3 58. f4 b1Q 59. Bxb1 Nxb1 60. g5 hxg5 61. fxg5 Nc3+ 62. Kf3 Ne4 63. g6 Ke5 64. Ke3 Nd6 65. Kd3 Nf5 0-1

[Event "Izhevsk Corporation Cup 5th"]
[Site "Izhevsk"]
[Date "2013.07.12"]
[Round "1"]
[White "Amonatov, Farrukh"]
[Black "Bronnikova, Elizaveta"]
[Result "1/2-1/2"]
[WhiteElo "2637"]
[BlackElo "2245"]
[PlyCount "140"]
[EventDate "2013.07.11"]
[EventType "swiss"]
[EventRounds "9"]
[EventCountry "RUS"]
[SourceTitle "CBM 155 Extra"]
[Source "ChessBase"]
[SourceDate "2013.08.26"]
[SourceVersion "1"]
[SourceVersionDate "2013.08.26"]
[SourceQuality "1"]

1. e4 c5 2. Nf3 e6 3. Nc3 Nc6 4. d4 cxd4 5. Nxd4 Qc7 6. Be3 a6 7. Qd2 Nf6 8. 0-0-0 b5 9. Nxc6 dxc6 10. Bf4 Qb6 11. f3 Be7 12. Be3 Qc7 13. g4 e5 14. Qf2 Be6 15. Bb6 Qb7 16. Bc5 0-0 17. Kb1 Rab8 18. Be2 Qc7 19. h4 Bxc5 20. Qxc5 Nd7 21. Qd6 Qxd6 22. Rxd6 Rfc8 23. Nd5 Kf8 24. Nb4 Rb6 25. Rhd1 Ke7 26. c4 a5 27. Nc2 b4 28. Ne3 g6 29. Nf5+ gxf5 30. exf5 c5 31. Rxb6 Bxf5+ 32. gxf5 Nxb6 33. f4 Nd7 34. f6+ Nxf6 35. fxe5 Nd7 36. Bg4 Rc7 37. Re1 Nf8 38. Kc2 Ne6 39. Kb3 a4+ 40. Kxa4 Nd4 41. Ka5 Rc6 42. h5 f5 43. exf6+ Kxf6 44. Bd1 Ne6 45. Rf1+ Ke7 46. Bf3 Rd6 47. Kb5 Rd2 48. Bd5 Nc7+ 49. Kxc5 Nxd5 50. cxd5 Rxb2 51. d6+ Ke8 52. Re1+ Kd8 53. Re7 Rxa2 54. Rxh7 b3 55. Rb7 Rc2+ 56. Kd5 Rd2+ 57. Ke6 Re2+ 58. Kf5 Rh2 59. Kg6 Rg2+ 60. Kf7 Rh2 61. Kg6 Rg2+ 62. Kf6 Rh2 63. Kg6 Rg2+ 64. Kh7 b2 65. h6 Kc8 66. Rb3 Kd7 67. Rb6 Ke6 68. Kh8 Kd7 69. h7 Ke6 70. d7+ Ke5 1/2-1/2

[Event "RUS-chT (Women) 14th"]
[Site "Loo"]
[Date "2013.04.13"]
[Round "5"]
[White "Kashlinskaya, Alina"]
[Black "Bronnikova, Elizaveta"]
[Result "1-0"]
[WhiteElo "2305"]
[BlackElo "2245"]
[PlyCount "71"]
[EventDate "2013.04.07"]
[EventType "team-tourn"]
[EventRounds "7"]
[EventCountry "RUS"]
[SourceTitle "CBM 153 Extra"]
[Source "ChessBase"]
[SourceDate "2013.04.22"]
[SourceVersion "1"]
[SourceVersionDate "2013.04.22"]
[SourceQuality "1"]
[WhiteTeam "Belorechensk (W)"]
[BlackTeam "Chigorin CC (W)"]
[WhiteTeamCountry "RUS"]
[BlackTeamCountry "RUS"]

1. d4 Nf6 2. c4 e6 3. Nc3 c5 4. d5 exd5 5. cxd5 d6 6. Nf3 g6 7. Bf4 a6 8. a4 Bg7 9. h3 0-0 10. e3 Ne8 11. Be2 Nd7 12. 0-0 Qe7 13. Qd2 f5 14. Ng5 Ne5 15. Rad1 h6 16. Ne6 Bxe6 17. dxe6 Qxe6 18. Bxe5 Qxe5 19. f4 Qe6 20. Bf3 Nf6 21. Bxb7 Ra7 22. Bf3 Kh7 23. Rfe1 Rb8 24. e4 fxe4 25. Nxe4 Nxe4 26. Rxe4 Qd7 27. Qxd6 Qxd6 28. Rxd6 Rxb2 29. Re8 Bd4+ 30. Kh2 Kg7 31. Bd5 Rf2 32. Rg8+ Kh7 33. Rgxg6 Bg7 34. Be4 Kg8 35. f5 Kf7 36. Bd5+ 1-0

[Event "RUS-chT (Women) 14th"]
[Site "Loo"]
[Date "2013.04.11"]
[Round "4"]
[White "Bronnikova, Elizaveta"]
[Black "Chistiakova, Tamara"]
[Result "1-0"]
[WhiteElo "2245"]
[BlackElo "2343"]
[PlyCount "81"]
[EventDate "2013.04.07"]
[EventType "team-tourn"]
[EventRounds "7"]
[EventCountry "RUS"]
[SourceTitle "CBM 153 Extra"]
[Source "ChessBase"]
[SourceDate "2013.04.22"]
[SourceVersion "1"]
[SourceVersionDate "2013.04.22"]
[SourceQuality "1"]
[WhiteTeam "Chigorin CC (W)"]
[BlackTeam "Kazan Ladya (W)"]
[WhiteTeamCountry "RUS"]
[BlackTeamCountry "RUS"]

1. e4 d6 2. d4 g6 3. Nc3 Nf6 4. Be3 a6 5. f3 b5 6. Qd2 Nbd7 7. g4 Nb6 8. b3 Bb7 9. Nge2 Bg7 10. Bg2 h5 11. g5 Nfd7 12. 0-0 b4 13. Nd1 c5 14. Rc1 a5 15. c4 a4 16. f4 axb3 17. axb3 Ra3 18. Rb1 Qa8 19. d5 Ra2 20. Qd3 Qa6 21. Nc1 Ra3 22. e5 dxe5 23. f5 Nc8 24. fxg6 Qxg6 25. Qxg6 fxg6 26. Nd3 Ra5 27. Be4 Nd6 28. Bxg6+ Kd8 29. N1f2 Kc7 30. Ne4 Nxe4 31. Bxe4 Rf8 32. Rxf8 Bxf8 33. Rf1 Kd6 34. Rf7 e6 35. g6 Ra8 36. g7 Bxg7 37. Rxg7 exd5 38. cxd5 Ra3 39. Bf5 Bc8 40. Bxd7 Bxd7 41. Bxc5+ 1-0

[Event "Doroshkevich Memorial op"]
[Site "Sochi"]
[Date "2012.12.04"]
[Round "9"]
[White "Bronnikova, Elizaveta"]
[Black "Barsegian, Ararat"]
[Result "1-0"]
[WhiteElo "2251"]
[BlackElo "2163"]
[PlyCount "84"]
[EventDate "2012.11.26"]
[EventType "swiss"]
[EventRounds "9"]
[EventCountry "RUS"]
[SourceTitle "EXT 2014"]
[Source "ChessBase"]
[SourceDate "2013.11.20"]
[SourceVersion "1"]
[SourceVersionDate "2013.11.20"]
[SourceQuality "1"]

1. e4 e5 2. Nf3 Nc6 3. Bb5 a6 4. Ba4 f5 5. d3 d6 6. Nc3 fxe4 7. dxe4 Nf6 8. h3 Be7 9. Be3 Be6 10. Ng5 Bg8 11. Bb3 Qd7 12. Bxg8 Nxg8 13. Nd5 Bxg5 14. Bxg5 Rc8 15. Qd2 h6 16. Be3 Nge7 17. Nxe7 Nxe7 18. c4 b6 19. 0-0 0-0 20. Rfd1 Qe6 21. Rac1 a5 22. b3 Qg6 23. Qd3 Rf6 24. a3 Rcf8 25. b4 axb4 26. axb4 c5 27. Ra1 Kh7 28. b5 Rf3 29. Kh2 R3f6 30. Ra7 Nc8 31. Rc7 R6f7 32. Rc6 Rf6 33. Ra1 Rd8 34. Ra8 Rff8 35. f3 Qf7 36. Ra6 Qd7 37. Ra8 Qe6 38. Qd5 Qd7 39. Qd3 Qe6 40. Bf2 Qf7 41. Bh4 g5 42. Bg3 h5 1-0

[Event "St Petersburg Botvinnik Memorial op"]
[Site "St Petersburg"]
[Date "2012.09.02"]
[Round "9"]
[White "Bronnikova, Elizaveta"]
[Black "Ivanov, Sergei V"]
[Result "1-0"]
[WhiteElo "2238"]
[BlackElo "2108"]
[PlyCount "67"]
[EventDate "2012.08.25"]
[EventType "swiss"]
[EventRounds "9"]
[EventCountry "RUS"]
[SourceTitle "CBM 150 Extra"]
[Source "ChessBase"]
[SourceDate "2012.10.19"]
[SourceVersion "1"]
[SourceVersionDate "2012.10.19"]
[SourceQuality "1"]

1. e4 g6 2. d4 Bg7 3. Nc3 d6 4. Be3 Nd7 5. f3 b6 6. Qd2 c5 7. d5 a6 8. a4 Ne5 9. h3 f5 10. f4 Nf7 11. exf5 gxf5 12. Nf3 Nf6 13. Bd3 Bd7 14. Ng5 Qc8 15. 0-0 h6 16. Nf3 0-0 17. Nh4 c4 18. Be2 b5 19. axb5 axb5 20. Bf3 Kh7 21. Ne2 Rb8 22. Nd4 Nd8 23. c3 Nb7 24. Qc2 Ng8 25. Ndxf5 Rxf5 26. Be4 Nc5 27. Bxc5 Qxc5+ 28. Kh1 Rbf8 29. Bxf5+ Bxf5 30. Nxf5 Qxd5 31. Nxe7+ Qd3 32. Qxd3+ cxd3 33. Nxg8 Kxg8 34. Rad1 1-0

[Event "St Petersburg Botvinnik Memorial op"]
[Site "St Petersburg"]
[Date "2012.08.31"]
[Round "7"]
[White "Bronnikova, Elizaveta"]
[Black "Gordievsky, Dmitry"]
[Result "0-1"]
[WhiteElo "2238"]
[BlackElo "2437"]
[PlyCount "98"]
[EventDate "2012.08.25"]
[EventType "swiss"]
[EventRounds "9"]
[EventCountry "RUS"]
[SourceTitle "CBM 150 Extra"]
[Source "ChessBase"]
[SourceDate "2012.10.19"]
[SourceVersion "1"]
[SourceVersionDate "2012.10.19"]
[SourceQuality "1"]

1. e4 c6 2. d4 d5 3. Nd2 dxe4 4. Nxe4 Bf5 5. Ng3 Bg6 6. Nf3 Nd7 7. Bd3 e6 8. Bxg6 hxg6 9. Qe2 Be7 10. Bd2 Qc7 11. c4 Ngf6 12. Bc3 a5 13. a3 a4 14. 0-0 0-0 15. Rfe1 b5 16. Ne5 bxc4 17. Ne4 Nd5 18. Qxc4 Nxe5 19. dxe5 Rfb8 20. Bd4 c5 21. Bc3 Nb6 22. Qe2 c4 23. Nd6 Nd5 24. Bd4 Rd8 25. Rac1 Bxd6 26. exd6 Qxd6 27. Be5 Qa6 28. Qxc4 f6 29. Bg3 Qxc4 30. Rxc4 e5 31. f4 exf4 32. Bxf4 Nxf4 33. Rxf4 g5 34. Rf2 Rab8 35. g3 Rd4 36. Re7 Rb6 37. Rc2 Kh7 38. Kf2 Kg6 39. Ra7 Rb3 40. Re2 g4 41. Ree7 Rd2+ 42. Ke1 Rxh2 43. Rxg7+ Kf5 44. Ra5+ Ke4 45. Rxa4+ Ke3 46. Re7+ Kf3 47. Rf4+ Kxg3 48. Rxf6 Rhxb2 49. Ra6 Rh2 0-1

[Event "St Petersburg Botvinnik Memorial op"]
[Site "St Petersburg"]
[Date "2012.08.25"]
[Round "1"]
[White "Bronnikova, Elizaveta"]
[Black "Klimshin, Ilia"]
[Result "1-0"]
[WhiteElo "2238"]
[BlackElo "1678"]
[PlyCount "67"]
[EventDate "2012.08.25"]
[EventType "swiss"]
[EventRounds "9"]
[EventCountry "RUS"]
[SourceTitle "CBM 150 Extra"]
[Source "ChessBase"]
[SourceDate "2012.10.19"]
[SourceVersion "1"]
[SourceVersionDate "2012.10.19"]
[SourceQuality "1"]

1. e4 d5 2. exd5 Qxd5 3. Nc3 Qd6 4. d4 Nf6 5. Nf3 a6 6. Be3 Nc6 7. Be2 Bf5 8. a3 e6 9. Qd2 Be7 10. 0-0-0 b5 11. Bf4 Qd7 12. Ne5 Nxe5 13. dxe5 Qxd2+ 14. Rxd2 Ne4 15. Bf3 Nxd2 16. Bc6+ Kf8 17. Bxa8 Nc4 18. Bb7 g5 19. Bg3 h5 20. h3 Kg7 21. Bxa6 c6 22. a4 b4 23. Bxc4 bxc3 24. Rd1 h4 25. Bh2 cxb2+ 26. Kxb2 Rb8+ 27. Bb3 Bc5 28. f4 gxf4 29. Bxf4 Rb7 30. Bg5 Be4 31. Rd2 Bb4 32. Re2 Bd5 33. Bf6+ Kg6 34. c4 1-0

[Event "RUS-chT (Women) 13th"]
[Site "Sochi"]
[Date "2012.04.15"]
[Round "7"]
[White "Bronnikova, Elizaveta"]
[Black "Nebolsina, Vera"]
[Result "0-1"]
[WhiteElo "2252"]
[BlackElo "2256"]
[PlyCount "82"]
[EventDate "2012.04.09"]
[EventType "team-tourn"]
[EventRounds "7"]
[EventCountry "RUS"]
[SourceTitle "CBM 147 Extra"]
[Source "ChessBase"]
[SourceDate "2012.04.24"]
[SourceVersion "1"]
[SourceVersionDate "2012.04.24"]
[SourceQuality "1"]
[WhiteTeam "St Petersburg Chigorin (W)"]
[BlackTeam "Yamal (W)"]
[WhiteTeamCountry "RUS"]
[BlackTeamCountry "RUS"]

1. e4 e5 2. Nf3 Nc6 3. Bb5 a6 4. Ba4 Nf6 5. 0-0 b5 6. Bb3 Bc5 7. Re1 d6 8. c3 Bg4 9. d3 h6 10. Nbd2 0-0 11. Nf1 d5 12. exd5 Nxd5 13. h3 Be6 14. Nxe5 Bxf2+ 15. Kxf2 Nxe5 16. Kg1 Ng6 17. Qf3 Qd6 18. d4 Rae8 19. Bd2 c6 20. Bc2 f5 21. Qg3 Qxg3 22. Nxg3 Nh4 23. Kf2 f4 24. Nf1 g5 25. Re5 Nf6 26. Rae1 Kf7 27. Nh2 Rg8 28. Nf3 Nxf3 29. Kxf3 Bd5+ 30. Kf2 Rxe5 31. Rxe5 g4 32. h4 g3+ 33. Kf1 Rg4 34. h5 Rh4 35. Bb3 Rh1+ 36. Ke2 f3+ 37. gxf3 g2 38. Be3 Bxb3 39. axb3 Nd5 40. Bf2 Nf4+ 41. Ke3 Nh3 0-1